LEADER 01449nam0 2200337 450 001 000021687 005 20081029113711.0 100 $a20080612d1962----km-y0itaa50------ba 101 0 $aita 102 $aIT 200 1 $aDal diario di un borghese e altri scritti$fRanuccio Bianchi Bandinelli 210 $aMilano$c<> Saggiatore$d1962 215 $a517 p.$d21 cm 225 2 $a<> Cultura$v41 312 $aTit. sul dorso: Dal diario di un borghese 410 1$12001$a<> Cultura$v41 517 1 $aDal diario di un borghese 676 $a085.1$v(21. ed.)$9Raccolte generali in italiano 676 $a928$v(21. ed.)$9Biografia di persone operanti nel campo della letteratura, della storia, della biografia, della genealogia 700 1$aRanucci Bianchi,$bBandinelli$0443738 801 0$aIT$bUniversità della Basilicata - B.I.A.$gRICA$2unimarc 912 $a000021687 996 $aDal diario di un borghese e altri scritti$988494 997 $aUNIBAS BAS $aLETTERE CAT $aSTD062$b01$c20080612$lBAS01$h1543 CAT $aSTD062$b01$c20080612$lBAS01$h1558 CAT $aTTM$b30$c20081029$lBAS01$h1137 FMT Z30 -1$lBAS01$LBAS01$mBOOK$1BASA1$APolo Storico-Umanistico$2GEN$BCollezione generale$3FP/53210$653210$5L53210$820120402$f02$FPrestabile Generale Z30 -1$lBAS01$LBAS01$mBOOK$1BASA1$APolo Storico-Umanistico$2GEN$BCollezione generale$3FP/94762 10B$694762$5L94762$820080612$f02$FPrestabile Generale LEADER 01873nam 2200433z- 450 001 9910346771903321 005 20210212 010 $a1000054131 035 $a(CKB)4920000000100804 035 $a(oapen)https://directory.doabooks.org/handle/20.500.12854/57178 035 $a(oapen)doab57178 035 $a(EXLCZ)994920000000100804 100 $a20202102d2017 |y 0 101 0 $aeng 135 $aurmn|---annan 181 $ctxt$2rdacontent 182 $cc$2rdamedia 183 $acr$2rdacarrier 200 00$aProliferation-proof Uranium/Plutonium and Thorium/Uranium Fuel Cycles: Safeguards and Non-Proliferation 210 $cKIT Scientific Publishing$d2017 215 $a1 online resource (XXVI, 544 p. p.) 311 08$a3-7315-0516-9 330 $aThermal and neutron physics analysis show that above certain concentrations of the isotope Pu-238 hypothetical nuclear explosive devices, made of reactor-grade plutonium, are technically not feasible. Future proliferation-proof fuel cycles are proposed which make use of methods of actinide tansmutation.Reactors operating in the thorium/uranium fuel cyce are loaded with <20% U-235 uranium fuel which can be made proliferation-proof against re-enrichment by adding a certain ppm level of U-232. 517 $aProliferation-proof Uranium/Plutonium and Thorium/Uranium Fuel Cycles 606 $aTechnology: general issues$2bicssc 610 $aAnreicherung 610 $aEnrichment 610 $ahigh enriched Uranium.Proliferation 610 $ahochangereichertes Uran 610 $aPlutonium 610 $aProliferation 610 $aReprocessing 610 $aWiederaufarbeitung 615 7$aTechnology: general issues 700 $aKessler$b Günter$4auth$0978138 906 $aBOOK 912 $a9910346771903321 996 $aProliferation-proof Uranium$93022011 997 $aUNINA